000 00811nam a2200253Ia 4500
003 OSt
005 20221002051226.0
006 a|||||r|||| 00| 0
007 ta
008 220930b |||||||| |||| 00| 0 eng d
024 _a23054
037 _bGift, 04/11/2015,
_cReference Collections
040 _aCRL
_cCRL
_beng
041 _2eng
_aeng
082 _aDelta2y7M87, Q5.1(RR)
100 _aSaraswati Chidananda
_9572240
245 0 _aSwami Sivananda and Sivananda literature
_b God's unique gift to modern mankind
260 _aBolangir
_bMohan Lal Agrawal India
_c2015
300 _a219p.
_ccm.
490 _vVol. 1
650 _aSPIRITUALISM
942 _hDelta2y7M87, Q5.1(RR)
_cref
_2CC
999 _c916261
_d916261